Lack of control costs dearly (Record no. 76904)

MARC details
000 -LEADER
fixed length control field 01014cab a2200181 4500
001 - CONTROL NUMBER
control field ##L133280
008 - FIXED-LENGTH DATA ELEMENTS--GENERAL INFORMATION
fixed length control field 060426n2006 000 0 eng u
035 ## - SYSTEM CONTROL NUMBER
System control number (Sirsi) u133280
041 0# - LANGUAGE CODE
Language code of text/sound track or separate title eng
100 1# - MAIN ENTRY--PERSONAL NAME
Personal name Atkinson, Daniel
245 00 - TITLE STATEMENT
Title Lack of control costs dearly
260 ## - PUBLICATION, DISTRIBUTION, ETC.
Date of publication, distribution, etc. 2006
490 #0 - SERIES STATEMENT
Series statement Construction News
Volume/sequential designation (6963) 20 April 2006, 24(1)
520 ## - SUMMARY, ETC.
Summary, etc. Reports the facts, and considers the implications, of "Plymouth and South West Co-Operative Society Ltd v Architecture, Structure and Management Ltd" ([2006] EWHC 5 TCC, L133418). The case illustrates both the need for professional advisers to choose the correct procurement method, and to keep a two-stage tender strategy under constant review to ensure that it remains on target, and to amend it if required.
650 24 - SUBJECT ADDED ENTRY--TOPICAL TERM
Topical term or geographic name entry element PLYMOUTH AND SOUTH WEST CO-OPERATIVE SOCIETY LTD V ARCHITECTURE, STRUCTURE AND MANAGEMENT LTD
690 ## - LOCAL SUBJECT ADDED ENTRY--TOPICAL TERM (OCLC, RLIN)
Topical term or geographic name as entry element MANAGEMENT-DISPUTE AVOIDANCE, MANAGEMENT AND RESOLUTION-DISPUTE MANAGEMENT AND RESOLUTION-ADVOCACY
942 ## - ADDED ENTRY ELEMENTS (KOHA)
Suppress in OPAC 0
Holdings
Withdrawn status Lost status Source of classification or shelving scheme Damaged status Not for loan Home library Current library Shelving location Date acquired Total Checkouts Full call number Barcode Date last seen Copy number Price effective from Koha item type
    Dewey Decimal Classification     London London Journal article 26/04/2006   L133280 133280-1001 06/08/2019 1 06/08/2019 Journal article